Responses for Show #3248 - Wednesday, October 21, 1998

Contestants

[<< previous game]

Ellen Yancey, a registered massage therapist from Dallas, Texas

Eric Mercaldo, an actor originally from Beechwood, New Jersey

Greg Sanders, a computer consultant from Springfield, Illinois (whose 1-day cash winnings total $4,399)

[next game >>]

Jeopardy! Round responses

WORLD WAR II
LITERARY HODGEPODGE
ROCK SINGERS
"MAN" TO "MAN"
TAKE IT OFF! TAKE IT OFF!
PUT IT ON! PUT IT ON!
    $100 6
Pearl Harbor

Eric
    $100 16
Richmond

Eric
    $100 1
Will Smith

Ellen
    $100 11
Letterman

Eric
    $100 17
(Alex: It didn't fit, of course!)

Kettle

Triple Stumper
    $100 19
Tie

Ellen
    $200 7
Italy

Greg
    $200 21
Edgar Allan Poe

Greg
    $200 2
The Beach Boys

Ellen
    $200 12
Abominable Snowman

Eric
    $200 18
"Dr. Quinn, Medicine Woman"

Ellen
    $200 20
Black

Greg
    $300 8
Soviet Union/USSR

Greg
    $300 22
Charles Dickens

Ellen
    $300 3
Neil Diamond

Ellen
    $300 13
The Tin Man

Ellen
    $300 28
Corn husk

Ellen
    $300 25
Levis

Greg
    $1,000 9
Omaha Beach

Greg
    $400 23
Aldous Huxley

Ellen
    $400 4
Madonna

Ellen
    $400 14
Anchorman

Ellen
    $400 29
Belt sander

Greg
    $400 26
Argyle

Greg
    $500 10
Iwo Jima

Greg
    $500 24
Erica Jong

Ellen
    $500 5
Jerry Lee Lewis

Greg
    $500 15
"Yes Man"

Greg
    $500 30
The Spruce Goose

Greg
    $500 27
Khakis

Ellen

Scores at the first commercial break (after clue 13):

Greg Eric Ellen
$2,500 $400 $1,300

Scores at the end of the Jeopardy! Round:

Greg Eric Ellen
$5,000 $500 $4,000

Double Jeopardy! Round responses

THE BODY HUMAN
WORLD FLAGS
IN THE YEARBOOK
WATER, WATER EVERYWHERE
ON BROADWAY, 1956
THE GIFT OF "GAB"
    $200 7
Brain

Greg
    $200 1
Canada

Ellen
    $200 8
Elvis Presley

Ellen
    $200 14
(Eric: What is the Arctic?)

Pacific

GregEric
    $200 15
Julie Andrews

Ellen
    $200 2
Gabor

Ellen
    $400 13
(Ellen: What is water?)

Air

Ellen
Triple Stumper
    $400 29
Denmark

Ellen
    $400 9
John F. Kennedy

Greg
    $400 20
Yellow Sea

Ellen
    $400 16
(Greg: Who is Patrick Stewart?)

William Shatner

GregEric
    $400 3
(Ellen: What is Gabrielle?)
(Greg: What is Gabriel?)

Gabriela

GregEricEllen
    $1,200 24
Muscles

Ellen
    $600 28
Sierra Leone

Triple Stumper
    $600 10
Ronald Reagan

Eric
    $600 21
(Eric: What is Hudson Bay?)

Bay of Fundy

Eric
Triple Stumper
    $600 17
"Mame"

Ellen
    $600 4
Gabardine

Ellen
    $800 25
(Alex: Yes, and it hurts!)

Gout

Ellen
    $800 27
Yin & Yang

Eric
    $800 11
(Greg: Who is Arafat?)

Fidel Castro

Greg
Triple Stumper
    $800 22
Aral Sea

Triple Stumper
    $1,200 18
(Ellen: Who was "Lolita?")

"(The Diary Of) Anne Frank"

Ellen
    $800 5
"Gabba Gabba Hey"

Triple Stumper
    $1000 26
Gall bladder

Triple Stumper
    $1000 30
Finland

Triple Stumper
    $1000 12
Ron Brown

Ellen
    $1000 23
(Ellen: What are Angel Falls?)

Iguazu Falls

Ellen
Triple Stumper
    $1000 19
"Major Barbara"

Ellen
    $1000 6
Gabon viper

Triple Stumper

Scores at the end of the Double Jeopardy! Round:

Greg Eric Ellen
$4,200 $1,900 $7,800

[wagering suggestions for these scores]

Final Jeopardy! Round responses

PRESIDENTS
(Alex: William Henry Harrison & Zachary Taylor died in office.)
EricWho was Pierce?
$1,800
GregWho is John Quincy Adams?
$3,500
EllenWho is Madison?
$2,500
Millard Fillmore or John Tyler

Final scores:

Greg Eric Ellen
$700 $100 $5,300
2nd place: Trip to Almond Beach Resort, Barbados 3rd place: Festina Megaquartz Watches New champion: $5,300

Game dynamics:

Coryat scores:

Greg Eric Ellen
$3,600 $1,900 $8,400
15 R
(including 1 DD),
3 W
8 R,
2 W
25 R
(including 1 DD),
4 W
(including 1 DD)

Combined Coryat: $13,900

[game clues] [game scores] [suggest correction]

Game tape date: 1998-09-01
The J! Archive is created by fans, for fans. Scraping, republication, monetization, and malicious use prohibited; this site may use cookies and collect identifying information. See terms. The Jeopardy! game show and all elements thereof, including but not limited to copyright and trademark thereto, are the property of Jeopardy Productions, Inc. and are protected under law. This website is not affiliated with, sponsored by, or operated by Jeopardy Productions, Inc. Join the discussion at JBoard.tv.